|
|
|
|
| LEADER |
01566nam a2200349 a 4500 |
| 001 |
AAL 1521 |
| 003 |
BD-DhAAL |
| 005 |
20160209172825.0 |
| 008 |
150124s1993 caua b 001 0 eng |
| 010 |
|
|
|a 93011773
|
| 020 |
|
|
|a 0803949219 (cloth)
|
| 020 |
|
|
|z 0803949227 (pbk.)
|
| 040 |
|
|
|a DLC
|c DLC
|d DLC
|d BD-DhAAL
|
| 050 |
0 |
0 |
|a JS91
|b .N5 1993
|
| 082 |
0 |
0 |
|a 320.8
|2 20
|
| 999 |
|
|
|c 33498
|d 33498
|
| 999 |
|
|
|c 33498
|
| 245 |
0 |
4 |
|a The new localism :
|b comparative urban politics in a global era /
|c Edward G. Goetz, Susan E. Clarke, editors.
|
| 260 |
|
|
|a Newbury Park, Calif. :
|b Sage Publications,
|c c1993.
|
| 300 |
|
|
|a 230 p. :
|b ill. ;
|c 22 cm.
|
| 490 |
0 |
|
|a Sage focus editions ;
|v 164
|
| 504 |
|
|
|a Includes bibliographical references and index.
|
| 541 |
|
|
|e 1521
|
| 650 |
|
0 |
|a Local government.
|9 7422
|
| 650 |
|
0 |
|a Economic development.
|9 7438
|
| 700 |
1 |
|
|a Goetz, Edward G.
|q (Edward Glenn),
|d 1957-
|9 7439
|
| 700 |
1 |
|
|a Clarke, Susan E.,
|d 1945-
|9 7440
|
| 942 |
|
|
|2 ddc
|c BK
|
| 952 |
|
|
|0 0
|1 0
|2 ddc
|4 0
|6 320_800000000000000_NEW
|7 0
|9 50328
|a SCL
|b SCL
|c GEN
|d 2015-01-24
|l 0
|o 320.8 NEW
|p 3020001521
|r 2015-01-24
|t 1
|w 2015-01-24
|y BK
|
| 952 |
|
|
|0 0
|1 0
|2 ddc
|4 0
|6 320_800000000000000_NEW
|7 0
|9 52389
|a SCL
|b SCL
|c GEN
|d 2015-02-01
|l 0
|o 320.8 NEW
|p 3020000294
|r 2015-02-01
|t 2
|w 2015-02-01
|y BK
|
| 952 |
|
|
|0 0
|1 0
|2 ddc
|4 0
|6 320_800000000000000_NEW
|7 0
|9 52398
|a SCL
|b SCL
|c GEN
|d 2015-02-01
|l 0
|o 320.8 NEW
|p 3020001354
|r 2015-02-01
|t 3
|w 2015-02-01
|y BK
|
| 952 |
|
|
|0 0
|1 0
|2 ddc
|4 0
|6 320_800000000000000_NEW
|7 0
|9 52410
|a SCL
|b SCL
|c GEN
|d 2015-02-02
|l 0
|o 320.8 NEW
|p 3020000293
|r 2015-02-02
|t 4
|w 2015-02-02
|y BK
|